[Event "PRO League Eastern 2017"]
[Site "chess.com INT"]
[Date "2017.01.18"]
[Round "2"]
[White "Mohammad, Nubairshah Shaikh"]
[Black "Grover, Sahaj"]
[Result "1-0"]
[WhiteTitle "IM"]
[BlackTitle "GM"]
[WhiteElo "2412"]
[BlackElo "2467"]
[WhiteTeam "Mumbai Movers"]
[BlackTeam "Delhi Dynamite"]
[WhiteFideId "5053196"]
[BlackFideId "5021103"]
[EventDate "2017.01.11"]

1. d4 d5 2. c4 e6 3. Nc3 Nf6 4. cxd5 exd5 5. Bg5 c6 6. e3 Be7 7. Bd3 Nbd7 8. Qc2
Nh5 9. Bxe7 Qxe7 10. O-O-O g6 11. Nf3 Nb6 12. h3 Ng7 13. Kb1 Bd7 14. Rc1 O-O-O
15. Na4 Nxa4 16. Qxa4 Kb8 17. Rc3 Be8 18. Rhc1 f6 19. Nd2 Ne6 20. Nb3 b6 21. Na1
f5 22. g3 Ng5 23. h4 Ne4 24. Bxe4 fxe4 25. Nc2 Qf6 26. Nb4 c5 27. Qa6 Rf8 28.
dxc5 bxc5 29. Rb3 Qxa6 30. Nxa6+ Kc8 31. Nxc5 1-0

[Event "PRO League Eastern 2017"]
[Site "chess.com INT"]
[Date "2017.01.18"]
[Round "2"]
[White "Mohammad, Nubairshah Shaikh"]
[Black "Vaibhav, Suri"]
[Result "1-0"]
[WhiteTitle "IM"]
[BlackTitle "GM"]
[WhiteElo "2412"]
[BlackElo "2552"]
[WhiteTeam "Mumbai Movers"]
[BlackTeam "Delhi Dynamite"]
[WhiteFideId "5053196"]
[BlackFideId "5045185"]
[EventDate "2017.01.11"]

1. d4 Nf6 2. c4 e6 3. Nc3 Bb4 4. e3 c5 5. Ne2 d5 6. a3 Ba5 7. cxd5 cxd4 8. Nxd4
Nxd5 9. Bd2 Nxc3 10. Bxc3 Bxc3+ 11. bxc3 O-O 12. Bd3 Nd7 13. O-O Qc7 14. Nb5 Qc5
15. Qa4 a6 16. Rfd1 Nb6 17. Qd4 Qxd4 18. Nxd4 Na4 19. Ne2 Nc5 20. a4 Bd7 21. Bc2
Rfd8 22. f3 Kf8 23. Kf2 h6 24. h4 Ke7 25. Rab1 Rac8 26. a5 e5 27. f4 f6 28. Ng3
Bg4 29. Rxd8 Rxd8 30. Ne4 Rc8 31. Nxc5 Rxc5 32. Rxb7+ Kf8 33. Rb8+ Ke7 34. Rb7+
Kf8 35. Bg6 Be6 36. Rb6 Bc4 37. Rb8+ Ke7 38. Rb7+ Kf8 39. g3 Rxa5 40. Rb8+ Ke7
41. Rb7+ Kf8 42. Rb8+ Ke7 43. Rb7+ Kd6 44. Rxg7 Ra2+ 45. Kf3 f5 46. e4 fxe4+ 47.
Bxe4 exf4 48. Kxf4 Rf2+ 49. Ke3 Rf6 50. Kd4 Bf7 51. c4 Rf1 52. c5+ Ke7 53. Bd5
Rd1+ 54. Ke4 1-0

[Event "PRO League Eastern 2017"]
[Site "chess.com INT"]
[Date "2017.01.18"]
[Round "2"]
[White "Mihok, Oliver"]
[Black "Svicevic, Rastko"]
[Result "1/2-1/2"]
[WhiteTitle "GM"]
[BlackTitle "FM"]
[WhiteElo "2505"]
[BlackElo "2189"]
[WhiteTeam "Budapest Gambit"]
[BlackTeam "Belgrade Sparrows"]
[WhiteFideId "728012"]
[BlackFideId "916315"]
[EventDate "2017.01.11"]

1. e4 c5 2. Nf3 Nc6 3. Bb5 e5 4. O-O Bd6 5. a4 Nge7 6. d3 O-O 7. Nc3 Bc7 8. Bg5
f6 9. Bc4+ Kh8 10. Bd2 a6 11. h3 Ba5 12. Be3 Nd4 13. Nd5 b5 14. axb5 axb5 15.
Bxd4 cxd4 16. Bxb5 Nxd5 17. exd5 Qb6 18. Bc4 Bb7 19. Nh4 g6 20. Qg4 Qd6 21. f4
exf4 22. Nxg6+ hxg6 23. Qxg6 Bd2 24. Qh6+ Kg8 25. Qg6+ Kh8 26. Qh6+ Kg8 27. Qg6+
Kh8 1/2-1/2

[Event "PRO League Eastern 2017"]
[Site "chess.com INT"]
[Date "2017.01.18"]
[Round "2"]
[White "Gledura, Benjamin"]
[Black "Colovic, Aleksandar"]
[Result "1-0"]
[WhiteTitle "GM"]
[BlackTitle "GM"]
[WhiteElo "2589"]
[BlackElo "2443"]
[WhiteTeam "Budapest Gambit"]
[BlackTeam "Belgrade Sparrows"]
[WhiteFideId "712779"]
[BlackFideId "15000729"]
[EventDate "2017.01.11"]

1. Nf3 c5 2. g3 g6 3. Bg2 Bg7 4. O-O Nc6 5. c4 d6 6. Nc3 Qd7 7. e3 Bxc3 8. dxc3
b6 9. e4 Bb7 10. Ne1 O-O-O 11. Nd3 Kb8 12. a4 f5 13. b4 Nf6 14. exf5 gxf5 15. a5
Ne4 16. axb6 axb6 17. bxc5 Nxc3 18. Qb3 Ne2+ 19. Kh1 bxc5 20. Be3 Ned4 21. Bxd4
Nxd4 22. Qb6 Qc7 23. Rfb1 Rd7 24. Qa7+ Kc8 25. Rxb7 Qxb7 26. Bxb7+ Rxb7 27. Qa8+
Rb8 28. Qd5 1-0

[Event "PRO League Eastern 2017"]
[Site "chess.com INT"]
[Date "2017.01.18"]
[Round "2"]
[White "Kulkarni, Rakesh"]
[Black "Gupta, Abhijeet"]
[Result "0-1"]
[BlackTitle "GM"]
[WhiteElo "2344"]
[BlackElo "2645"]
[WhiteTeam "Mumbai Movers"]
[BlackTeam "Delhi Dynamite"]
[WhiteFideId "5037077"]
[BlackFideId "5010608"]
[EventDate "2017.01.11"]

1. e4 c5 2. c3 d5 3. exd5 Qxd5 4. d4 Nc6 5. Nf3 Bf5 6. Na3 cxd4 7. Nb5 O-O-O 8.
Nbxd4 e5 9. Bg5 exd4 10. Bxd8 Qe6+ 11. Be2 d3 12. Bg5 Qxe2+ 13. Qxe2 dxe2 14.
Kxe2 h6 15. Be3 Nf6 16. Rhd1 Be7 17. Nd4 Bd7 18. Nb5 Re8 19. a4 Ng4 20. Nd6+
Bxd6 21. Rxd6 Nxe3 22. fxe3 Ne5 23. Rd4 Kc7 24. Rf1 f6 25. h3 Re7 26. b3 Bc6 27.
Kf2 Nd7 28. Rc4 a6 29. a5 f5 30. Ke2 Ne5 31. Rd4 Bxg2 32. Rxf5 Bxh3 33. Rf8 Bg4+
34. Kf2 Bd7 35. Kg3 Nc6 36. Rc4 Rxe3+ 37. Kf2 Re7 38. b4 g5 39. Rh8 Rf7+ 40. Kg1
Rf6 41. Rh7 Kd6 42. Rc5 g4 43. Rh5 Re6 44. Kf2 Ne5 45. R7xh6 Rxh6 46. Rxh6+ Kd5
47. Ke3 g3 48. Rh5 g2 49. Kf2 Bc6 50. Kxg2 Kc4+ 51. Kf2 Nd3+ 52. Ke3 Kxc3 53. b5
Bxb5 54. Rh7 Bc6 55. Rh8 Nb2 56. Rh6 Nc4+ 57. Ke2 Nxa5 58. Kd1 Nc4 59. Kc1 a5
60. Rh3+ Kb4 61. Rh4 a4 62. Kb1 a3 63. Ka1 b5 64. Rh6 Kc5 65. Rh5+ Bd5 66. Rh4
b4 67. Rh3 Na5 68. Rh8 Nb3+ 69. Kb1 Nd2+ 70. Ka1 Nb3+ 71. Kb1 Nd4 72. Rb8 b3 73.
Ka1 Nc2+ 0-1

[Event "PRO League Eastern 2017"]
[Site "chess.com INT"]
[Date "2017.01.18"]
[Round "2"]
[White "Grover, Sahaj"]
[Black "Abhishek, Kelkar"]
[Result "0-1"]
[WhiteTitle "GM"]
[BlackTitle "IM"]
[WhiteElo "2467"]
[BlackElo "2381"]
[WhiteTeam "Delhi Dynamite"]
[BlackTeam "Mumbai Movers"]
[WhiteFideId "5021103"]
[BlackFideId "5019257"]
[EventDate "2017.01.11"]

1. e4 c6 2. d4 d5 3. Nc3 dxe4 4. Nxe4 Nf6 5. Nxf6+ exf6 6. Be3 Bf5 7. Bd3 Bg6 8.
Ne2 Bd6 9. c4 Nd7 10. Nc3 O-O 11. O-O Re8 12. Bxg6 hxg6 13. c5 Bf8 14. b4 f5 15.
d5 cxd5 16. Qxd5 a5 17. a3 Nf6 18. Qxb7 Rb8 19. Qa6 axb4 20. Rfd1 Qc8 21. axb4
Rxb4 22. Qxc8 Rxc8 23. Ra4 Rb2 24. Rc1 Nd7 25. h4 Ne5 0-1

[Event "PRO League Eastern 2017"]
[Site "chess.com INT"]
[Date "2017.01.18"]
[Round "2"]
[White "Grover, Sahaj"]
[Black "Gagare, Shardul"]
[Result "0-1"]
[WhiteTitle "GM"]
[BlackTitle "GM"]
[WhiteElo "2467"]
[BlackElo "2472"]
[WhiteTeam "Delhi Dynamite"]
[BlackTeam "Mumbai Movers"]
[WhiteFideId "5021103"]
[BlackFideId "5037883"]
[EventDate "2017.01.11"]

1. e4 e6 2. d4 d5 3. Nc3 Nf6 4. e5 Nfd7 5. f4 c5 6. Nf3 Nc6 7. Be3 Be7 8. Qd2
O-O 9. dxc5 Bxc5 10. Bf2 Qb6 11. Bxc5 Nxc5 12. O-O-O Ne4 13. Nxe4 dxe4 14. Ng5
Rd8 15. Qe1 Rxd1+ 16. Qxd1 h6 17. Nh3 Bd7 18. Kb1 Rd8 19. Qe1 Nb4 20. Bc4 e3 21.
a3 Nxc2 22. Qc3 Ba4 23. Rc1 Rc8 24. Qd3 Rxc4 0-1

[Event "PRO League Eastern 2017"]
[Site "chess.com INT"]
[Date "2017.01.18"]
[Round "2"]
[White "Sai, Krishna G V"]
[Black "Padmini, Rout"]
[Result "1-0"]
[WhiteTitle "FM"]
[BlackTitle "IM"]
[WhiteElo "2339"]
[BlackElo "2387"]
[WhiteTeam "Amaravati Yodhas"]
[BlackTeam "Odisha Express"]
[WhiteFideId "5028280"]
[BlackFideId "5029295"]
[EventDate "2017.01.11"]

1. e4 c5 2. Nf3 d6 3. d4 cxd4 4. Nxd4 Nf6 5. Nc3 a6 6. Bg5 e6 7. f4 Nbd7 8. Qf3
Qc7 9. O-O-O b5 10. a3 Bb7 11. g4 Rc8 12. Bxf6 Nxf6 13. g5 Nd7 14. h4 g6 15. h5
Rg8 16. hxg6 hxg6 17. Rh7 Qb6 18. Qh3 Nc5 19. f5 gxf5 20. exf5 e5 21. g6 f6 22.
Qh4 Qd8 23. Ndxb5 axb5 24. Bxb5+ Bc6 25. Qc4 d5 26. Rxd5 Bxb5 27. Rxd8+ Kxd8 28.
Qxg8 1-0

[Event "PRO League Eastern 2017"]
[Site "chess.com INT"]
[Date "2017.01.18"]
[Round "2"]
[White "Sai, Krishna G V"]
[Black "Ankit, R. Rajpara"]
[Result "1-0"]
[WhiteTitle "FM"]
[BlackTitle "GM"]
[WhiteElo "2339"]
[BlackElo "2474"]
[WhiteTeam "Amaravati Yodhas"]
[BlackTeam "Odisha Express"]
[WhiteFideId "5028280"]
[BlackFideId "5023335"]
[EventDate "2017.01.11"]

1. Nc3 d5 2. e4 c6 3. Nf3 Bg4 4. h3 Bxf3 5. Qxf3 e6 6. d3 Nd7 7. g3 Bc5 8. Bg2
Ngf6 9. O-O O-O 10. Qe2 dxe4 11. dxe4 e5 12. Nd1 Re8 13. Ne3 g6 14. a4 a5 15.
Nc4 Bf8 16. Bd2 Nc5 17. Rfd1 Qc7 18. Bc3 Nfd7 19. Qe1 b6 20. h4 h5 21. Bh3 Rad8
22. Rd2 Ne6 23. Bxe6 Rxe6 24. Rad1 Ree8 25. Nxe5 Rxe5 26. Rxd7 Rxd7 27. Rxd7
Qxd7 28. Bxe5 Qe6 29. Bd4 c5 30. Bc3 Qa2 31. e5 Qxa4 32. e6 Bg7 33. e7 Qe8 34.
Bxg7 Kxg7 35. Qe5+ f6 36. Qe6 b5 37. f3 f5 38. Kf2 a4 39. Qe5+ Kf7 40. Qxc5 Qxe7
41. Qxb5 Qa7+ 42. Kg2 Kg7 43. Qc4 Qe3 44. Qc7+ Kg8 45. Qd8+ Kg7 46. Qd3 Qc1 47.
Qc3+ Kh7 48. Qc7+ Kh6 49. Qf4+ 1-0

[Event "PRO League Eastern 2017"]
[Site "chess.com INT"]
[Date "2017.01.18"]
[Round "2"]
[White "Kotepalli, Sai Nirupama"]
[Black "Ankit, R. Rajpara"]
[Result "0-1"]
[WhiteTitle "WFM"]
[BlackTitle "GM"]
[WhiteElo "1978"]
[BlackElo "2474"]
[WhiteTeam "Amaravati Yodhas"]
[BlackTeam "Odisha Express"]
[WhiteFideId "5039444"]
[BlackFideId "5023335"]
[EventDate "2017.01.11"]

1. e4 e5 2. d3 Nf6 3. Nf3 Nc6 4. g3 d5 5. exd5 Nxd5 6. Bg2 Bd6 7. O-O O-O 8. h3
Re8 9. Nbd2 Bf8 10. Nc4 g6 11. Bg5 f6 12. Bd2 Bg7 13. Re1 Be6 14. Ne3 Nde7 15.
h4 Qd7 16. Nh2 a5 17. h5 a4 18. a3 b5 19. Neg4 Nf5 20. h6 Bh8 21. Bc3 Rad8 22.
f4 Bd5 23. fxe5 fxe5 24. Rf1 Nxg3 25. Nf6+ Bxf6 26. Rxf6 Bxg2 27. Kxg2 Nh5 28.
Ng4 Rf8 29. Qf3 Nxf6 30. Nxf6+ Rxf6 31. Qxf6 Rf8 32. Qg5 Rf5 33. Qg3 Qd5+ 34.
Kg1 Nd4 35. Bxd4 Qxd4+ 36. Kh1 Qxb2 37. Re1 Qd4 38. Re4 Qd6 39. Re1 Qc6+ 40. Re4
Qf6 41. Qg4 Rh5+ 0-1

[Event "PRO League Eastern 2017"]
[Site "chess.com INT"]
[Date "2017.01.18"]
[Round "2"]
[White "Kotepalli, Sai Nirupama"]
[Black "Satyapragyan, Swayangsu"]
[Result "0-1"]
[WhiteTitle "WFM"]
[BlackTitle "IM"]
[WhiteElo "1978"]
[BlackElo "2462"]
[WhiteTeam "Amaravati Yodhas"]
[BlackTeam "Odisha Express"]
[WhiteFideId "5039444"]
[BlackFideId "5004306"]
[EventDate "2017.01.11"]

1. e4 e5 2. d3 Nc6 3. Nf3 g6 4. g3 Bg7 5. Bg2 d6 6. O-O Nge7 7. c3 h6 8. Na3 Be6
9. d4 exd4 10. Nxd4 Nxd4 11. cxd4 O-O 12. Be3 d5 13. e5 c6 14. Nc2 a5 15. Ne1
Qb6 16. Nd3 Nf5 17. Qd2 Kh7 18. Nc5 Qa7 19. Rac1 Bc8 20. Rfe1 b6 21. Nd3 Bd7 22.
h4 Rac8 23. Nf4 Rfe8 24. Bh3 Kg8 25. Qd3 Be6 26. h5 Nxe3 27. Nxe6 fxe6 28. Rxe3
gxh5 29. Qg6 Qf7 30. Qxf7+ Kxf7 31. Rb3 c5 32. Rxb6 c4 33. b3 c3 34. Ra6 h4 35.
Rxa5 h5 36. Rc2 hxg3 37. fxg3 Bh6 38. Kf2 Rc6 39. Rc5 Rxc5 40. dxc5 d4 41. Ke2
Rg8 42. Bg2 Rxg3 43. Kf2 Rg5 44. Ke2 Rxg2+ 0-1

[Event "PRO League Eastern 2017"]
[Site "chess.com INT"]
[Date "2017.01.18"]
[Round "2"]
[White "Svicevic, Rastko"]
[Black "Gledura, Benjamin"]
[Result "0-1"]
[WhiteTitle "FM"]
[BlackTitle "GM"]
[WhiteElo "2189"]
[BlackElo "2589"]
[WhiteTeam "Belgrade Sparrows"]
[BlackTeam "Budapest Gambit"]
[WhiteFideId "916315"]
[BlackFideId "712779"]
[EventDate "2017.01.11"]

1. d4 Nf6 2. Bg5 e6 3. e4 h6 4. Bxf6 Qxf6 5. c3 d5 6. e5 Qd8 7. Bd3 c5 8. Ne2
Nc6 9. O-O Qb6 10. b3 Bd7 11. Bc2 Rc8 12. a3 a5 13. Qd3 Na7 14. dxc5 Bxc5 15. a4
Nc6 16. Qg3 Qc7 17. Qxg7 Qxe5 18. Qxe5 Nxe5 19. Nd2 Rg8 20. g3 f5 21. Kg2 Bb6
22. Rac1 Kf7 23. Bb1 Rc7 24. Nf4 Rgc8 25. Ne2 Ng4 26. h3 Nf6 27. c4 Bc6 28. Kh2
Ba7 29. Nf3 Ne4 30. Ne5+ Kf6 31. Bxe4 dxe4 32. Nxc6 bxc6 33. Kg2 Rb8 34. Rc3 Rd7
35. Rfc1 Bc5 36. Kf1 e5 0-1

[Event "PRO League Eastern 2017"]
[Site "chess.com INT"]
[Date "2017.01.18"]
[Round "2"]
[White "Svicevic, Rastko"]
[Black "Vertetics, Attila"]
[Result "0-1"]
[WhiteTitle "FM"]
[BlackTitle "IM"]
[WhiteElo "2189"]
[BlackElo "2416"]
[WhiteTeam "Belgrade Sparrows"]
[BlackTeam "Budapest Gambit"]
[WhiteFideId "916315"]
[BlackFideId "723720"]
[EventDate "2017.01.11"]

1. d4 c6 2. e4 d5 3. exd5 cxd5 4. Bd3 Nc6 5. c3 Qc7 6. h3 g6 7. Ne2 Bg7 8. Bf4
Qd8 9. O-O Nf6 10. Nd2 O-O 11. Re1 Bf5 12. Bxf5 gxf5 13. Ng3 e6 14. Nh5 Nxh5 15.
Qxh5 Ne7 16. Nf3 Qd7 17. Ng5 h6 18. Nf3 Kh7 19. g4 f6 20. Nh4 fxg4 21. hxg4 Rae8
22. Re3 Nc6 23. Rae1 e5 24. Bxh6 Qf7 25. Qf5+ Kg8 26. Bxg7 Kxg7 27. dxe5 Rxe5
28. Rxe5 fxe5 29. Qg5+ Kh7 30. Nf5 Qg6 31. Qh4+ Kg8 32. Qg3 Qg5 33. Kg2 Rf7 34.
Rh1 Rh7 35. Rxh7 Kxh7 36. Qh4+ Qxh4 37. Nxh4 Kh6 38. Kg3 Kg5 39. Nf3+ Kg6 40.
Ne1 Kg5 41. Nc2 b5 42. Ne3 Ne7 43. Ng2 Ng6 44. Ne3 Ne7 45. Ng2 Ng6 46. f3 a5 47.
b3 b4 48. c4 dxc4 49. bxc4 a4 50. Ne3 Ne7 51. c5 Nc6 52. Nc4 a3 53. Nd2 Nd4 54.
Ne4+ Kg6 55. Kf2 b3 56. Nc3 Nb5 57. c6 Nxc3 58. c7 bxa2 59. c8=Q a1=Q 60. Qf5+
Kg7 61. Qxe5+ Kf7 62. Qc7+ Ke6 63. Qc6+ Ke5 64. Qc7+ Kd5 65. Qd7+ Kc4 66. Qe6+
Kb4 67. Qb6+ Nb5 68. g5 Qb2+ 69. Kg3 a2 0-1

[Event "PRO League Eastern 2017"]
[Site "chess.com INT"]
[Date "2017.01.18"]
[Round "2"]
[White "Gagare, Shardul"]
[Black "Gupta, Abhijeet"]
[Result "1-0"]
[WhiteTitle "GM"]
[BlackTitle "GM"]
[WhiteElo "2472"]
[BlackElo "2645"]
[WhiteTeam "Mumbai Movers"]
[BlackTeam "Delhi Dynamite"]
[WhiteFideId "5037883"]
[BlackFideId "5010608"]
[EventDate "2017.01.11"]

1. c4 Nf6 2. g3 g6 3. Bg2 Bg7 4. Nc3 O-O 5. Nf3 d6 6. O-O Nbd7 7. d3 e5 8. Rb1
Re8 9. b4 e4 10. dxe4 Nxe4 11. Nxe4 Rxe4 12. c5 Nf6 13. Bb2 Bf5 14. cxd6 Qxd6
15. Qxd6 cxd6 16. Nd4 Re7 17. Nxf5 gxf5 18. e3 Ne4 19. Rfd1 Rc8 20. Bxe4 fxe4
21. Rxd6 Bxb2 22. Rxb2 Rc4 23. Kg2 Kg7 24. g4 Re5 25. Kg3 Rb5 26. Rd4 Rxd4 27.
exd4 h5 28. h4 Kg6 29. gxh5+ Kxh5 30. Kf4 f5 31. Rc2 Rd5 32. Rc7 b5 33. Rxa7
Rxd4 34. Kxf5 Kh6 35. a3 Rc4 36. Ra5 Kh5 37. Rxb5 Kxh4 38. Rb8 Kh3 39. b5 Kg2
40. b6 Kf3 41. Rf8 1-0

[Event "PRO League Eastern 2017"]
[Site "chess.com INT"]
[Date "2017.01.18"]
[Round "2"]
[White "Gagare, Shardul"]
[Black "Aradhya, Garg"]
[Result "1-0"]
[WhiteTitle "GM"]
[WhiteElo "2472"]
[BlackElo "2230"]
[WhiteTeam "Mumbai Movers"]
[BlackTeam "Delhi Dynamite"]
[WhiteFideId "5037883"]
[BlackFideId "25006746"]
[EventDate "2017.01.11"]

1. c4 d6 2. g3 Nf6 3. Bg2 g6 4. Nc3 Bg7 5. Nf3 c5 6. O-O O-O 7. d4 cxd4 8. Nxd4
Qc7 9. b3 a6 10. Bb2 e6 11. Qd2 Rd8 12. Rac1 Nbd7 13. Rfd1 Ne5 14. c5 d5 15. Na4
Bd7 16. Nb6 Rab8 17. f4 Nc6 18. Nxc6 Qxc6 19. Be5 Be8 20. b4 Ne4 21. Bxe4 Bxe5
22. fxe5 dxe4 23. Qxd8 Rxd8 24. Rxd8 Kg7 25. Rc8 Qb5 26. Rc4 1-0

[Event "PRO League Eastern 2017"]
[Site "chess.com INT"]
[Date "2017.01.18"]
[Round "2"]
[White "De Abreu, Roberto N"]
[Black "Christiansen, Johan-Sebastian"]
[Result "0-1"]
[WhiteTitle "FM"]
[BlackTitle "IM"]
[WhiteElo "2110"]
[BlackElo "2428"]
[WhiteTeam "Johannesburg Koeksisters"]
[BlackTeam "Norway Gnomes"]
[WhiteFideId "14307472"]
[BlackFideId "1512668"]
[EventDate "2017.01.11"]

1. d4 Nf6 2. c4 c5 3. d5 b5 4. cxb5 a6 5. e3 e6 6. Nc3 axb5 7. dxe6 fxe6 8. Bxb5
Na6 9. e4 Nc7 10. e5 Nfd5 11. Bd3 Qh4 12. Nf3 Qh5 13. Ne4 Ba6 14. Ng3 Qg4 15.
Be4 Nf4 16. Bxf4 Qxf4 17. Bxa8 Nxa8 18. Qd2 Qa4 19. Qd1 Qb5 20. a4 Qb7 21. Qc2
Nc7 22. Ne2 Qb4+ 23. Qc3 Qe4 24. Qe3 Qb4+ 25. Qd2 Qe4 26. O-O-O Qxa4 27. Nc3 Qc6
28. Ng5 Bc4 29. Nge4 Bd5 30. Nxd5 Nxd5 31. Nc3 Nb4 32. Rhe1 Be7 33. Ne4 Qa4 34.
Nd6+ Bxd6 35. Qxd6 Qc2# 0-1

[Event "PRO League Eastern 2017"]
[Site "chess.com INT"]
[Date "2017.01.18"]
[Round "2"]
[White "De Abreu, Roberto N"]
[Black "Hammer, Jon Ludvig"]
[Result "0-1"]
[WhiteTitle "FM"]
[BlackTitle "GM"]
[WhiteElo "2110"]
[BlackElo "2628"]
[WhiteTeam "Johannesburg Koeksisters"]
[BlackTeam "Norway Gnomes"]
[WhiteFideId "14307472"]
[BlackFideId "1503707"]
[EventDate "2017.01.11"]

1. d4 Nf6 2. c4 e6 3. g3 d5 4. Nf3 Bb4+ 5. Bd2 Be7 6. Bg2 O-O 7. O-O c6 8. Bf4
Nbd7 9. Nc3 dxc4 10. e4 h6 11. a4 a5 12. Re1 b6 13. d5 cxd5 14. exd5 exd5 15.
Nxd5 Nxd5 16. Qxd5 Ra7 17. Qxc4 Ba6 18. Qe4 Nc5 19. Qc6 Nd3 20. Red1 Bc5 21. Rd2
Rd7 22. Ne1 Bxf2+ 23. Rxf2 Nxf2 24. Kxf2 Re8 25. Bf3 Rd2+ 26. Kg1 Qd4+ 27. Kh1
Rc8 28. Qe4 Qf2 29. Ng2 Rxb2 30. Be3 Qc2 31. Qe5 Rb1+ 32. Rxb1 Qxb1+ 33. Bg1 Bd3
34. Nf4 Rc1 35. Qd4 Bc2 36. Nh5 Qa1 37. Qxb6 Qxa4 38. Qd8+ Kh7 39. Qd2 Qa1 40.
Qf2 Rf1 41. Qe3 Qe1 42. Qd4 f6 43. Nxf6+ gxf6 44. Qd7+ Kh8 45. Qd8+ Kg7 46. Qd7+
Kf8 47. Qd8+ Qe8 48. Qxf6+ Qf7 49. Qh8+ Ke7 50. Qe5+ Kd7 51. Qd4+ Ke8 52. Qe5+
Kf8 53. Qd6+ Kg7 54. Qd4+ Qf6 55. Qd7+ Kg6 56. Qg4+ Kh7 57. Qd7+ Qg7 58. Qf5+
Bxf5 0-1

[Event "PRO League Eastern 2017"]
[Site "chess.com INT"]
[Date "2017.01.18"]
[Round "2"]
[White "Hammer, Jon Ludvig"]
[Black "Cawdery, Daniel"]
[Result "1/2-1/2"]
[WhiteTitle "GM"]
[BlackTitle "IM"]
[WhiteElo "2628"]
[BlackElo "2418"]
[WhiteTeam "Norway Gnomes"]
[BlackTeam "Johannesburg Koeksisters"]
[WhiteFideId "1503707"]
[BlackFideId "14300249"]
[EventDate "2017.01.11"]

1. c4 Nf6 2. g3 g6 3. Bg2 d5 4. cxd5 Nxd5 5. Qa4+ Nc6 6. Nc3 e6 7. Nxd5 exd5 8.
Qb5 Bg7 9. Qxd5 Qxd5 10. Bxd5 O-O 11. Nf3 Nb4 12. Bb3 Re8 13. Ng5 Re7 14. O-O h6
15. Nxf7 Be6 16. Nxh6+ Bxh6 17. Bxe6+ Rxe6 18. d4 Bg7 19. e3 c5 20. Bd2 Nd3 21.
Bc3 cxd4 22. exd4 Rd8 23. Rad1 Bxd4 24. Rxd3 Bxf2+ 25. Rxf2 Rxd3 26. a4 b6 27.
Kg2 Rde3 28. Kh3 R3e4 29. a5 bxa5 30. Rd2 a4 31. Rd5 a6 32. Ra5 Rc4 33. g4 Ree4
34. Rxa6 Rxg4 35. Ra7 Rg5 36. Rg7+ Kf8 37. Ra7 Kg8 38. Rg7+ Kf8 39. Ra7 Kg8 1/2-1/2

[Event "PRO League Eastern 2017"]
[Site "chess.com INT"]
[Date "2017.01.18"]
[Round "2"]
[White "Hammer, Jon Ludvig"]
[Black "Klaver, Cornelis"]
[Result "1-0"]
[WhiteTitle "GM"]
[WhiteElo "2628"]
[BlackElo "2117"]
[WhiteTeam "Norway Gnomes"]
[BlackTeam "Johannesburg Koeksisters"]
[WhiteFideId "1503707"]
[BlackFideId "14301725"]
[EventDate "2017.01.11"]

1. e4 c6 2. d4 d5 3. Nc3 dxe4 4. Nxe4 Nf6 5. Nxf6+ gxf6 6. Ne2 Bf5 7. Ng3 Bg6 8.
Be2 e5 9. c3 exd4 10. O-O dxc3 11. Qb3 c2 12. Qxb7 Nd7 13. Re1 Be7 14. Bh6 Rb8
15. Qxc6 Rxb2 16. Nh5 Bxh5 17. Bxh5 Rg8 18. Rac1 Qb6 19. Qc8+ Qd8 20. Qc4 Rg6
21. Bxg6 hxg6 22. Rxc2 Rxc2 23. Qxc2 Ne5 24. Be3 Kf8 25. Rd1 Qa5 26. f4 Ng4 27.
Qc8+ 1-0

[Event "PRO League Eastern 2017"]
[Site "chess.com INT"]
[Date "2017.01.18"]
[Round "2"]
[White "Swapnil, S. Dhopade"]
[Black "Grover, Sahaj"]
[Result "1/2-1/2"]
[WhiteTitle "GM"]
[BlackTitle "GM"]
[WhiteElo "2527"]
[BlackElo "2467"]
[WhiteTeam "Mumbai Movers"]
[BlackTeam "Delhi Dynamite"]
[WhiteFideId "5019184"]
[BlackFideId "5021103"]
[EventDate "2017.01.11"]

1. d4 Nf6 2. Bg5 Ne4 3. Bf4 d5 4. e3 c5 5. Bd3 cxd4 6. Bxe4 dxe4 7. exd4 Qb6 8.
Nc3 Qxb2 9. Nge2 Bg4 10. O-O Qxc3 11. Nxc3 Bxd1 12. Rfxd1 e6 13. Nxe4 Na6 14. c4
Be7 15. d5 f5 16. Nd6+ Bxd6 17. Bxd6 exd5 18. Rxd5 O-O-O 19. c5 g6 20. Rb1 Rhe8
21. Kf1 Re4 22. a3 Nc7 23. Rd3 Ne8 24. Rc3 h5 25. f3 Rd4 26. Be5 Rd1+ 27. Rxd1
Rxd1+ 28. Kf2 Rd5 29. f4 Nc7 30. Rg3 Ne6 31. Rxg6 Nxc5 32. Ke2 Nd3 33. Rd6 Rxd6
34. Bxd6 Nb2 35. Bb4 Kd7 36. Ke3 a5 37. Bf8 Ke8 38. Bc5 b6 39. Bd4 Nc4+ 40. Kd3
Nxa3 41. Bxb6 a4 42. Bc5 Nb5 43. Kc4 Nc7 44. Bd6 Kd7 45. Be5 Kc6 46. Kb4 Ne6 47.
Kxa4 h4 48. Bf6 Nxf4 49. Bxh4 Nxg2 50. Bg5 f4 51. Bxf4 Nxf4 1/2-1/2

[Event "PRO League Eastern 2017"]
[Site "chess.com INT"]
[Date "2017.01.18"]
[Round "2"]
[White "Dhulipalla, Bala Chandra Prasad"]
[Black "Anwesh, Upadhyaya"]
[Result "1-0"]
[BlackTitle "IM"]
[WhiteElo "2353"]
[BlackElo "2384"]
[WhiteTeam "Amaravati Yodhas"]
[BlackTeam "Odisha Express"]
[WhiteFideId "25005812"]
[BlackFideId "5028949"]
[EventDate "2017.01.11"]

1. d4 d5 2. Bf4 Nf6 3. e3 c5 4. Nf3 cxd4 5. exd4 Nc6 6. c3 g6 7. Be2 Bg7 8. O-O
O-O 9. Nbd2 Bg4 10. h3 Bxf3 11. Nxf3 Rc8 12. Re1 e6 13. Qb3 Na5 14. Qb4 a6 15.
Ne5 Re8 16. Qa4 b5 17. Qa3 Qb6 18. Bf3 Bf8 19. b4 Nc4 20. Qb3 Bd6 21. a4 Bxe5
22. Bxe5 Nxe5 23. Rxe5 Nd7 24. Re3 Ra8 25. Be2 Rec8 26. h4 Qc6 27. h5 Nb6 28. a5
Nc4 29. Bxc4 Qxc4 30. Qd1 Qc7 31. Qg4 Qe7 32. Rae1 Rc6 33. Rf3 Rac8 34. Ree3 Rf8
35. Qf4 g5 36. Qe5 f6 37. Qxd5 exd5 38. Rxe7 Rf7 39. Re8+ Rf8 40. Ree3 h6 41.
Rf5 Rd6 42. f4 Kf7 43. fxg5 hxg5 44. Kf2 Rc8 45. Kg3 Re6 46. Rxe6 Kxe6 47. Rf3
f5 48. Kf2 f4 49. g4 Rh8 50. Rh3 Rh6 51. Rh1 Kd6 52. Re1 Re6 53. Rh1 Rh6 54. Kf3
Kd7 55. Ke2 Re6+ 56. Kd2 Rh6 57. Re1 Re6 58. Re5 Rf6 59. Ke2 f3+ 60. Kf2 Rc6 61.
Rxd5+ Ke6 62. Rc5 1-0